000 00554nam a2200193Ia 4500
003 GCL
008 140319s9999 xx 000 0 ara d
040 _aGCL /
_cGCL
082 0 4 _a189.1
_bع م
100 1 _aعلى الشابى
245 1 0 _aمباحث فى علم الكلام والفلسفة /
_cعلى الشابى
260 _a[S.N] :
_bدار بوسلامة
300 _a248 ص
490 _a
650 0 4 _aالفلسفة الاسلامية
650 0 4 _aالفرق الاسلامية
650 0 4 _aعلم الكلام
942 _2ddc
_cBK
999 _c35350
_d35350